Statistics for Benidorm TV Series Quiz

Click here to take the quiz!

General Stats

  • This quiz has been taken 5,716 times
  • The average score is 14 of 15

Answer Stats

HintAnswer% Correct
Father In the Garvey FamilyMick
99%
Mother in the Garvey FamilyJanice
98%
Janice's MotherMadge
97%
Son in the Garvey FamilyMicheal
97%
Geoff's MotherNoreen
97%
Noreen's SonGeoff
96%
Madge's HusbandMel
96%
Male SwingerDonald
92%
'Thinks He's Sexy' BarmanMatteo
91%
Tranny Man/WomenLes
90%
Noreen's DaughterPauline
87%
Female SwingerJacqueline
83%
Gay CoupleTroy and Gavin
83%
Liam snogged her in Series 5Sam
81%
Liam liked this GirlNatalie
77%

Score Distribution

Percentile by Number Answered

Percent of People with Each Score

Your Score History

You have not taken this quiz